The medical advisor : (Record no. 10126)

000 -LEADER
fixed length control field 00789cam a2200217 a 4500
001 - CONTROL NUMBER
control field 4453810
005 - DATE AND TIME OF LATEST TRANSACTION
control field 20160216134409.0
008 - FIXED-LENGTH DATA ELEMENTS--GENERAL INFORMATION
fixed length control field 951011s1996 vauab be 001 0 eng
010 ## - LIBRARY OF CONGRESS CONTROL NUMBER
LC control number 95045803
020 ## - INTERNATIONAL STANDARD BOOK NUMBER
International Standard Book Number 0809467372
040 ## - CATALOGING SOURCE
Original cataloging agency DLC
Transcribing agency DLC
Modifying agency DLC
050 00 - LIBRARY OF CONGRESS CALL NUMBER
Classification number RC 81.A2M492 1996
082 00 - DEWEY DECIMAL CLASSIFICATION NUMBER
Classification number 610/.3
Edition number 20
245 04 - TITLE STATEMENT
Title The medical advisor :
Remainder of title the complete guide to alternative & conventional treatments /
Statement of responsibility, etc. by the editors of Time-Life Books.
260 ## - PUBLICATION, DISTRIBUTION, ETC. (IMPRINT)
Place of publication, distribution, etc. Alexandria, Va. :
Name of publisher, distributor, etc. Time-Life Books,
Date of publication, distribution, etc. c1996.
300 ## - PHYSICAL DESCRIPTION
Extent 1152 p. :
Other physical details col. ill., col. maps ;
Dimensions 26 cm.
504 ## - BIBLIOGRAPHY, ETC. NOTE
Bibliography, etc Includes bibliographical references (p. 1100-1117) and index.
650 #0 - SUBJECT ADDED ENTRY--TOPICAL TERM
Topical term or geographic name as entry element Medicine, Popular
General subdivision Encyclopedias.
710 2# - ADDED ENTRY--CORPORATE NAME
Corporate name or jurisdiction name as entry element Time-Life Books.
942 ## - ADDED ENTRY ELEMENTS (KOHA)
Source of classification or shelving scheme
Koha item type Hard Covered Materials
Classification part RC 81.A2M492 1996
Holdings
Withdrawn status Lost status Source of classification or shelving scheme Damaged status Not for loan Home library Current library Date acquired Source of acquisition Total Checkouts Full call number Barcode Date last seen Price effective from Koha item type
          MACHAKOS UNIVERSITY LIBRARY MACHAKOS UNIVERSITY LIBRARY 24/11/2015 Donation (B.F.A)   RC 81 .A2M492 1996 18271 24/11/2015 24/11/2015 Hard Covered Materials
          MACHAKOS UNIVERSITY LIBRARY MACHAKOS UNIVERSITY LIBRARY 02/12/2015 Donation (BFA)   RC 81 .A2M492 1996 19142 05/06/2019 02/12/2015 Reference Material
© Machakos University Library, Along The Highway, Machakos Wote Rd, Machakos, Kenya P.O. Box 136 - 90100 Machakos - Kenya

Tel: ( +254 ) 723 805829 OR Fax : 044-20353 OR Email: library@mksu.ac.ke